地名が含まれている乃木坂46の楽曲 - Statistics

General Stats
  • This quiz has been taken 26 times
    16 since last reset
  • The average score is 2 of 5
Answer Stats
楽曲名 % Correct
乃木坂の詩
58%
渋谷ブルース
58%
遥かなるブータン
58%
新宿バックオフ
42%
乃木坂饅頭
25%
No matching quizzes found
Score Distribution
Percent of People with Each Score
Percentile by Number Answered
Your Score History
You have not taken this quiz since the last reset